000 00629nam a22002057a 4500
005 20251014103630.0
008 251014b |||||||| |||| 00| 0 eng d
037 _cBB
040 _aCRL
_cCRL
041 _2PER
_aPER
084 _aO164a.45 M6
_bCRL
245 _aFehrist nuskha hai khatti Kashmir-o-Bhopal
260 _aDelhi, India:
_bMarkaz Tehkikat Zuban Farsi,
_c1986.
300 _a240p.
365 _b100.00
_cINR
650 _aPersian Language
_9848168
650 _aBibliography
_9848169
942 _2CC
_cREF
_hO164a.45 M6
_n0
999 _c1464707
_d1464707